|
|
|
|
| LEADER |
00782nam a2200193 i 4500 |
| 001 |
misc57951 |
| 005 |
20210530172959.0 |
| 008 |
210530s1926 hu o 0|| hun d |
| 040 |
|
|
|a SZTE Miscellanea Repozitórium
|b hun
|
| 041 |
|
|
|a hun
|
| 100 |
1 |
|
|a Boros Jenő
|
| 245 |
1 |
2 |
|a A kuruc-költészet és utóhangjainak történetforrási jelentősége
|h [elektronikus dokumentum] :
|b doktori értekezés /
|c Boros Jenő
|
| 260 |
|
|
|a Endrényi Lajos Nyomda- és Lapkiadóvállalat Rt.
|b Szeged, Magyarország
|c 1926
|
| 300 |
|
|
|a 39 p.
|c 23 cm
|
| 650 |
|
4 |
|a Bölcsészettudományok
|
| 650 |
|
4 |
|a Nyelvek és irodalom
|
| 650 |
|
4 |
|a Általános irodalomtudományok
|
| 695 |
|
|
|a Magyar irodalom - költészet - 17-18. sz.
|
| 856 |
4 |
0 |
|u http://misc.bibl.u-szeged.hu/57951/1/xb_58006.pdf
|z Dokumentum-elérés
|